000 01081nam a2200277#a 4500
001 00610
003 HDC
007 ta
008 230623s2008 xx 000 0 eng d
020 _a9780553805093 (hbk.).
040 _aHDC
050 _aHG 172
_b.B84 S37 2008
100 _aSchroeder, Alice.
245 4 _aThe snowball :
_bWarren Buffett and the business of life /
_cAlice Schroeder.
264 _aNew York :
_bBantam Books,
_c2008.
300 _axi,960 p., [32] p. of plates :
_b ill. ;
_c 25cm.
500 _aIncludes bibliographical references (p. [839]-928) and index.
520 _a"A portrait of the life and career of investment guru Warren Buffett sheds new light on the man, as well as on the work, ideas, business principles, strategies, and no-nonsense insights that have guided his phenomenally successful business endeavors."
610 _aBuffett, Warren.
650 _aCapitalists and financiers
_zUnited States
_vBiography.
650 _aInvestments
_zUnited States.
942 _2lcc
942 _cBK
942 _kHG 172
942 _m.B84 S37 2008
999 _c22248
_d22248